Коксохимическое производство; Черная металлургия капиталистических стран

Detalles Bibliográficos
Parent link:Черная металлургия капиталистических стран/ Центральный научно-исследовательский институт информации и технико-экономических исследований черной металлургии (Черметинформация). Коксохимическое производство.— , [1964-1967]
Autor Principal: Левин Е. Б. Елизар Борисович
Idioma:ruso
Publicado: 1966
Subjects:
Formato: MixedMaterials Libro
KOHA link:https://koha.lib.tpu.ru/cgi-bin/koha/opac-detail.pl?biblionumber=146529

MARC

LEADER 00000nam2a2200000 4500
001 146529
005 20231101221231.0
035 |a (RuTPU)RU\TPU\book\158828 
035 |a RU\TPU\book\137111 
035 |a RU\TPU\book\158805 
090 |a 146529 
100 |a 20071203d1966 k y0rusy50 ca 
101 0 |a rus 
102 |a RU 
105 |a a z 001zy 
200 0 |a Коксохимическое производство  |f Е. Б. Левин 
210 |d 1966 
215 |a 484 с.  |c ил.  |e Приложение 
320 |a Библиография в конце глав. 
461 1 |0 (RuTPU)RU\TPU\book\158816  |t Черная металлургия капиталистических стран  |f Центральный научно-исследовательский институт информации и технико-экономических исследований черной металлургии (Черметинформация)  |v Коксохимическое производство  |d [1964-1967] 
606 1 |a Коксохимическое производство  |2 stltpush  |3 (RuTPU)RU\TPU\subj\33214  |9 55514 
610 1 |a черная металлургия 
610 1 |a зарубежные страны 
610 1 |a кокс 
610 1 |a сырьевая база 
610 1 |a заводы 
610 1 |a шихта 
610 1 |a угли 
610 1 |a обогащение 
610 1 |a качество 
610 1 |a химические продукты 
675 |a 662.741  |v 3 
700 1 |a Левин  |b Е. Б.  |g Елизар Борисович 
801 1 |a RU  |b 63413507  |c 20051020  |g PSBO 
801 2 |a RU  |b 63413507  |c 20191022  |g PSBO 
942 |c BK